"Mecanismos moleculares del efecto antidiabético de plantas usadas en la medicina tradicional" / Rocío Zapata Bustos.
Record details
- Physical Description: xii, 129 páginas en varias paginaciones : ilustraciones ; 29 cm.
- Publisher: San Luis Potosí, S.L.P. : Rocío Zapata Bustos, 2014.
Content descriptions
| Dissertation Note: | Tesis (Doctorado en Cienias en Biología Molecular. Biología Molecular) - Instituto Potosino de Investigación Científica y Tecnológica, 2014. |
| Bibliography, etc. Note: | Incluye bibliografía. |
| Formatted Contents Note: | Incluye cuatro artículos científicos. |
| Immediate Source of Acquisition Note: | IPICYT ; Donación ; 2014. |
| Language Note: | En español, resumen en ingles. |
Search for related items by subject
| Subject: | 3T3-F442A > Tesis y disertaciones académicas. Adipositos humanos > Tesis y disertaciones académicas. Vía de la insulina > Tesis y disertaciones académicas. |
Available copies
- 1 of 1 copy available at IPICYT.
Holds
- 0 current holds with 1 total copy.
Show Only Available Copies
| Location | Call Number / Copy Notes | Barcode | Shelving Location | Status | Due Date |
|---|---|---|---|---|---|
| Biblioteca Ipicyt | T.D. IPICYT Z3 M4 2014 | TES00416 | Tesis | Available | - |
| LDR | 00620nam a2200205zi 4500 | ||
|---|---|---|---|
| 001 | 42961 | ||
| 003 | CONS | ||
| 005 | 20150325202717.0 | ||
| 007 | ta | ||
| 008 | 150323s2014 mx a frm #000 0#spa d | ||
| 040 | . | ‡bspa ‡erda | |
| 041 | 0 | . | ‡aeng |
| 090 | . | ‡aT.D. IPICYT Z3 M4 2014 | |
| 100 | 1 | . | ‡aZapata Bustos, Rocío. |
| 245 | 1 | 0. | ‡a"Mecanismos moleculares del efecto antidiabético de plantas usadas en la medicina tradicional" / ‡cRocío Zapata Bustos. |
| 264 | 1. | ‡aSan Luis Potosí, S.L.P. : ‡bRocío Zapata Bustos, ‡c2014. | |
| 300 | . | ‡axii, 129 páginas en varias paginaciones : ‡bilustraciones ; ‡c29 cm. | |
| 336 | . | ‡atexto ‡btxt ‡2rdacontent | |
| 337 | . | ‡asin medio ‡bn ‡2rdamedia | |
| 338 | . | ‡avolumen ‡bnc ‡2rdacarrier | |
| 502 | . | ‡aTesis (Doctorado en Cienias en Biología Molecular. Biología Molecular) - Instituto Potosino de Investigación Científica y Tecnológica, 2014. | |
| 504 | . | ‡aIncluye bibliografía. | |
| 505 | . | ‡aIncluye cuatro artículos científicos. | |
| 541 | . | ‡fIPICYT ; ‡cDonación ; ‡d2014. | |
| 546 | . | ‡aEn español, resumen en ingles. | |
| 650 | 4. | ‡a3T3-F442A ‡vTesis y disertaciones académicas. | |
| 650 | 4. | ‡aAdipositos humanos ‡vTesis y disertaciones académicas. | |
| 650 | 4. | ‡aVía de la insulina ‡vTesis y disertaciones académicas. | |
| 710 | 2 | . | ‡aInstituto Potosino de Investigación Científica y Tecnológica, A. C. |
| 901 | . | ‡a42961 ‡b ‡c42961 ‡tbiblio ‡sSystem Local | |